Statistics for The Mandalorian Episodes

Click here to take the quiz!

General Stats

  • This quiz has been taken 3 times
  • The average score is 9 of 24

Answer Stats

SeasonEpisode no.Answer% Correct
1Chapter 2The Child
100%
1Chapter 8Redemption
67%
1Chapter 6The Prisoner
67%
3Chapter 22Guns for Hire
33%
1Chapter 4Sanctuary
33%
3Chapter 17The Apostate
33%
2Chapter 15The Believer
33%
3Chapter 19The Convert
33%
3Chapter 20The Foundling
33%
1Chapter 5The Gunslinger
33%
2Chapter 11The Heiress
33%
2Chapter 13The Jedi
33%
1Chapter 1The Mandalorian
33%
2Chapter 9The Marshal
33%
3Chapter 18The Mines of Mandalore
33%
2Chapter 10The Passenger
33%
3Chapter 21The Pirate
33%
1Chapter 7The Reckoning
33%
2Chapter 16The Rescue
33%
3Chapter 24The Return
33%
2Chapter 12The Siege
33%
1Chapter 3The Sin
33%
3Chapter 23The Spies
33%
2Chapter 14The Tragedy
33%

Score Distribution

Percentile by Number Answered

Percent of People with Each Score

Your Score History

You have not taken this quiz